Nouvel abrégé d'anatomie descriptive (Record no. 54426)

MARC details
000 -LEADER
campo de control de longitud fija 00613nam a22001695i 4500
001 - NÚMERO DE CONTROL
campo de control 54426
003 - IDENTIFICADOR DE NÚMERO DE CONTROL
campo de control ES-MaACL
005 - FECHA Y HORA DE LA ÚLTIMA TRANSACCIÓN
campo de control 20230906162943.0
007 - CAMPO FIJO DE DESCRIPCIÓN FÍSICA--INFORMACIÓN GENERAL
campo de control de longitud fija t|
008 - DATOS DE LONGITUD FIJA--INFORMACIÓN GENERAL
campo de control de longitud fija 960722q18011900fr ||||1| fre d
040 ## - FUENTE DE CATALOGACIÓN
Centro catalogador/agencia de origen CAM
Lengua de catalogación spa
Centro/agencia transcriptor CAM
100 1# - ENTRADA PRINCIPAL--NOMBRE DE PERSONA
Nombre de persona Fort, Joseph Auguste.
9 (RLIN) 51835
245 10 - MENCIÓN DEL TÍTULO
Título Nouvel abrégé d'anatomie descriptive
Resto del título : contenant la description de tous les organes, la structure des principaux tissus ... /
Mención de responsabilidad, etc. par J. A. Fort.
260 ## - PUBLICACIÓN, DISTRIBUCIÓN, ETC.
Lugar de publicación, distribución, etc. Paris :
Nombre del editor, distribuidor, etc. aux Bureaux de Paris-Medical,
Fecha de publicación, distribución, etc. [18--?] (
Lugar de fabricación/manufactura Corbeil :
Fabricante typographie de Crete)
300 ## - DESCRIPCIÓN FÍSICA
Extensión [4], 486 p. :
Otras características físicas il. ;
Dimensiones 14 cm.
852 ## - LOCALIZACIÓN
Ubicación ES-MaACL
Número de control de estantería G-870
Holdings
Estatus retirado Estado de pérdida Estado de daño No para préstamo Biblioteca de origen Biblioteca actual Ubicación en estantería Fecha de adquisición Fuente de adquisición Total de préstamos Signatura topográfica completa Código de barras Visto por última vez Precio de reemplazo Tipo de ítem Koha
        Biblioteca del Ateneo de Madrid Biblioteca del Ateneo de Madrid Depósito 2 17/01/2008     G-870 1057192 23/02/2023 23/02/2023 Libro impreso antiguo